Čo má vedieť mzdová účtovníčka ... zborník otázok a odpovedí na aktuálne problémy v zdravotnom, nemocenskom a dôchodkovom poistení, v poskytovaní dávok nemocenského poistenia a rodičovského príspevku

Salvato in:
Dettagli Bibliografici
Autore principale: Božíková, Marcela
Natura: Libro
Lingua:slovacco
Pubblicazione: Žilina AJFA+AVIS 1994
Edizione:1. vyd.
Serie:Praktické príručky pre podniky a podnikateľov Zv. 2
Soggetti:
Tags: Aggiungi Tag
Nessun Tag, puoi essere il primo ad aggiungerne!!

MARC

LEADER 00000nam a2200000 4500
001 c009442
005 20221214074208.4
020 |a 80-967129-4-2 
041 0 |a slo 
044 |a SK 
245 1 0 |a Čo má vedieť mzdová účtovníčka ...  |b zborník otázok a odpovedí na aktuálne problémy v zdravotnom, nemocenskom a dôchodkovom poistení, v poskytovaní dávok nemocenského poistenia a rodičovského príspevku  |c Marcela Božíková 
250 |a 1. vyd. 
264 1 |a Žilina  |b AJFA+AVIS  |c 1994 
300 |a 172 s. 
490 1 |a Praktické príručky pre podniky a podnikateľov  |v Zv. 2 
830 0 |a Praktické príručky pre podniky a podnikateľov  |v Zv. 2 
610 2 0 |a mzdy 
610 2 0 |a účtovanie 
610 2 0 |a poistenie zdravotné 
610 2 0 |a poistenie nemocenské 
610 2 0 |a poistenie dôchodkové 
610 2 0 |a príspevok rodičovský 
610 2 0 |a zákony 
610 2 0 |a predpisy 
100 1 |a Božíková, Marcela